Cestár

Bibliographic Details
Other Authors: Čech, Ivan (Publishing director), Stančík, Vladimír (Publishing director), Kromholc, Ján (Publishing director)
Format: Journal
Language:Slovak
Hungarian
PhysicalDescription:3 zv. 29 cm
Published: Bratislava ZO KSS, ZS ROH, ZO SČSP a ZS ČSM Čs. štátnych ciest, n. p. v Bratislave 1953-1955
Subjects:

MARC

LEADER 00000cas a2200000 a 4500
001 vtls010301091
003 SK-MaSNL
005 20260425194251.0
008 110810d19531955xo mr p 0 b0slo
040 |a SNK  |b slo  |c SNK  |e AACR2 
041 0 |a slo  |a hun 
043 |a e-xo--- 
044 |a xo  |c SK 
072 7 |a 624  |x Stavebné inžinierstvo  |2 konspekt 
080 |a (085.3)  |2 2011 
080 |a 625.7/.8  |2 2011 
080 |a 625.711.1/.3  |2 2011 
080 |a 711.73  |2 2011 
080 |a 050  |2 2011 
080 |a (437.611)  |2 2011 
245 0 0 |a Cestár 
246 1 3 |a Cestár Bratislavského kraja  |f 1/1954-3/1954 
260 |a Bratislava  |b ZO KSS, ZS ROH, ZO SČSP a ZS ČSM Čs. štátnych ciest, n. p. v Bratislave  |c 1953-1955 
300 |a 3 zv.  |c 29 cm 
310 |a 1x mesačne  |b 9/1953-1955 
321 |a 2x mesačne  |b 1/1953-8/1953 
362 0 |a Roč. I, č. 1 (apr. 1953)-roč. III, č. 4 (apr. 1955) 
500 |a Zmena podnázvu: od 1/1954-3/1954, závodný časopis zamestnancov Československých štátnych ciest ; 4/1954-1955, dobrými cestami k socializmu - závodný časopis Československých štátnych ciest Bratislava, národný podnik 
500 |a Podnázov v tiráži: časopis ZO-KSS, ZS-ROH, ZO-SČSP, ZS-ČSM Československých štátnych ciest, n. p., Bratislava 
500 |a Ved. red.: 1/1953-2/1953, 1/1954-1955, Ján Kromholc ; 3/1953-8/1953, Ivan Čech ; 9/1953-12/1953, Vladimír Stančík 
515 |a Číslo 4-5/1953 z technických príčin nevyšlo, (podľa oznamu red.) 
546 |a Text aj v maďarskom jazyku 
650 0 7 |a cesty  |2 SNKPH  |9 25096 
650 0 7 |a cestné staviteľstvo  |2 SNKPH  |9 51013 
651 7 |a Bratislavský kraj (Slovensko)  |2 SNKPHgeo  |9 160207 
655 7 |a podnikové periodiká  |2 SNKPH  |9 132333 
700 1 |a Čech, Ivan  |4 pbd  |9 273262 
700 1 |a Stančík, Vladimír  |4 pbd  |9 273263 
700 1 |a Kromholc, Ján  |4 pbd  |9 273264 
710 2 |a Československé štátne cesty, n. p. (Bratislava, Slovensko)  |4 pbl  |9 273265 
910 |a snk 
916 |a 1953-1955 
999 |c 8974  |d 10904 
952 |t č. 1-12  |a SNK  |b SNK  |y PREZ  |7 0  |p 17A0740601  |o snkČSB 768/1/1953  |i snk 594/54  |z Č. 4-5 nevydali  |f 1  |0 0  |1 0  |4 0  |d 2022-03-07  |l 0  |r 2026-02-21 20:01:59  |w 2026-02-21 
952 |t č. 1-10  |a SNK  |b SNK  |y PREZ  |7 0  |p 17A0740602  |o snkČSB 768/2/1954  |i snkII. 2373/55  |f 1  |0 0  |1 0  |4 0  |d 2022-03-07  |l 0  |r 2026-02-21 20:01:59  |w 2026-02-21 
952 |t č. 1-4, neúplné  |a SNK  |b SNK  |y PREZ  |7 0  |p 17A0740603  |o snkČSB 768/3/1955  |i snkČSP 264/57  |z Chýba č. 3  |f 1  |0 0  |1 0  |4 0  |d 2022-03-07  |l 0  |r 2026-02-21 20:01:59  |w 2026-02-21 
952 |t č. 1-12, neúplné  |a SNK  |b SNK  |y PREZ  |7 0  |p 17A1462191  |o snkČSB 768/1/1953 D1  |i snkČSF 699/56  |8 5  |z Chýba č. 10 ; č. 4-5 nevydali  |0 0  |1 0  |4 0  |d 2022-03-07  |l 0  |r 2026-02-21 20:01:59  |w 2026-02-21 
952 |t č. 1-10  |a SNK  |b SNK  |y PREZ  |7 0  |p 17A1462192  |o snkČSB 768/2/1954 D1  |i snkII. 2366/55  |0 0  |1 0  |4 0  |d 2022-03-07  |l 0  |r 2026-02-21 20:01:59  |w 2026-02-21 
952 |t č. 1-4, neúplné  |a SNK  |b SNK  |y PREZ  |7 0  |p 17A1462193  |o snkČSB 768/3/1955 D1  |i snkČSP 902/57  |z Chýba č. 3  |0 0  |1 0  |4 0  |d 2022-03-07  |l 0  |r 2026-02-21 20:01:59  |w 2026-02-21